Prof. G Ram Reddy Library

इन्द्रधनुष (हाइकु-काव्य) (Record no. 192663)

MARC details
000 -LEADER
fixed length control field 00495nam a2200157Ia 4500
003 - CONTROL NUMBER IDENTIFIER
control field LDD
008 - FIXED-LENGTH DATA ELEMENTS--GENERAL INFORMATION
fixed length control field 190327s9999 xx 000 0 und d
040 ## - CATALOGING SOURCE
Transcribing agency LDD
082 ## - DEWEY DECIMAL CLASSIFICATION NUMBER
Classification number 8H0.1 अ1663 इ
100 ## - MAIN ENTRY--PERSONAL NAME
Personal name अग्रवाल, भगवतशरण
245 #0 - TITLE STATEMENT
Title इन्द्रधनुष (हाइकु-काव्य)
260 ## - PUBLICATION, DISTRIBUTION, ETC.
Place of publication, distribution, etc. अहमदाबाद
Name of publisher, distributor, etc. हाइक-भारती प्रकाशन
Date of publication, distribution, etc. 2000
300 ## - PHYSICAL DESCRIPTION
Extent 60पृ.
942 ## - ADDED ENTRY ELEMENTS (KOHA)
Source of classification or shelving scheme Dewey Decimal Classification
Koha item type Books
949 ## - LOCAL PROCESSING INFORMATION (OCLC)
a G008805
Holdings
Withdrawn status Lost status Source of classification or shelving scheme Damaged status Not for loan Home library Current library Date acquired Total Checkouts Full call number Barcode Date last seen Price effective from Koha item type
No   Dewey Decimal Classification     Library and Documentation Division Library and Documentation Division 03/27/2019   8H0.1 अ1663 इ G008805 03/27/2019 03/27/2019 Books

© Prof. G Ram Reddy Centre Library, Indira Gandhi National Open University, Maidan Garhi, New Delhi, 110068
+91-011-29532797 | FAX+91-011-29533393 |